Logo BPK

Biblioteka

Politechniki Koszalińskiej

Le traitement des eaux de distribution, par... / (Rekord nr 27297)

Szczegóły MARC
000 -ETYKIETA REKORDU
podpole kontrolne o stałej długości 00461nam a2200169 i 4500
001 - NUMER KONTROLNY REKORDU
pole kontrolne bg
040 ## - ŹRÓDŁO KATALOGOWANIA
Instytucja, która utworzyła rekord BPK
041 ## - KOD JĘZYKA
Kod języka tekstu pol
080 ## - UNIWERSALNA KLASYFIKACJA DZIESIĘTNA - UKD
UKD 628.3
008 - POLE O STAŁEJ DŁUGOŚCI - DANE KONTROLNE
podpole kontrolne o stałej długości s pl f |000 0 pol
100 1# - NAZWA OSOBOWA
Nazwa osobowa GOMELLA, Cyril
245 #0 - TYTUŁ/ODPOWIEDZIALNOŚĆ
Tytuł Le traitement des eaux de distribution, par... /
Pozostałe elementy strefy tytułu i oznaczenia odpowiedzialności Cyril Gomella, Henri Guerre.
260 ## - STREFA ADRESU WYDAWNICZEGO
Miejsce wydania Paris :
Nazwa wydawcy/dystrybutora Eyrolles,
Data publikacji, dystrybucji/powstania dokumentu 1973.
300 ## - STREFA OPISU FIZYCZNEGO
Objętość s. XII, 204 :
Inne cechy fizyczne rys., tabl. [w tym] nlb. 1.
700 1# - HASŁO DODATKOWE - NAZWA OSOBOWA
Nazwa osobowa GUERRE, Henri
856 ## - LOKALIZACJA I DOSTĘP DO ELEKTRONICZNYCH DOKUMENTÓW ZDALNYCH
Link (URL) http://koha.tu.koszalin.pl/cgi-bin/koha/opac-detail.pl?biblionumber=27297
Tekst linku Katalog online BPK
942 ## - DODATKOWE ELEMENTY (KOHA)
Typ dokumentu Książka
Egzemplarze
Wycofany Status egzemplarza Uszkodzony Dostępność Lokalizacja stała Lokalizacja bieżąca Miejsce przechowywania Sygnatura Kod kreskowy Typ dokumentu
      Dostępny Biblioteka Politechniki Koszalińskiej Biblioteka Politechniki Koszalińskiej Wypożyczalnia BG 20905 01694383 Książka
© 2023 Biblioteka Politechniki Koszalińskiej :: KOHA